| 000 | 01245cam a2200229 4500 | ||
|---|---|---|---|
| 001 | WB@3612-667 | ||
| 008 | 040908n2004 000 0 eng u | ||
| 035 | _a(Sirsi) u127292 | ||
| 245 | _aLack of forward planning | ||
| 260 | _c2004 | ||
| 490 |
_aPlanning (for the Natural and Built Environment) _v3 September 2004, 1(1) and 17 (1) |
||
| 520 | _aA study of London's recruitment and retention crisis by Tim Edmundson Planning Research shows that 13% of council jobs are vacant while nearly 20% are being carried out by temporary workers. "Recruitment and retention of planners" can be viewed at: http://www.alg.gov.uk/upload/public/attachments/29 4/RRResearchReportWEBFINAL.pdf. Falling levels of applications to undergraduate planning degrees, high housing costs, low pay, a buoyant jobs market are all cited as reasons for the crisis. Add to this poor morale and the fact that temporary staff are paid considerable more than their permanent colleagues and the future looks bleak for London planning. | ||
| 590 | _aWB | ||
| 590 | _aWB | ||
| 650 | _aRECRUITMENT ISSUES | ||
| 650 | _aRETENTION | ||
| 650 | _aLONDON | ||
| 650 | _aPLANNING | ||
| 650 | _aHUMAN RESOURCES MANAGEMENT | ||
| 690 | _aPROFESSIONAL PRACTICE | ||
| 942 | _n0 | ||
| 999 |
_c117972 _d117972 |
||